Who painted this? - Statistics

General Stats
  • This quiz has been taken 15 times
  • The average score is 2 of 5
Answer Stats
Picture Answer % Correct
Michelangelo
93%
Wassily Kandinsky
43%
Adolf Hitler
36%
Bob Ross
36%
Laura Poitras
0%
No matching quizzes found
Score Distribution
Percent of People with Each Score
Percentile by Number Answered
Your Score History
You have not taken this quiz